Etnická štruktúra Slovenska, jej vývoj, demografické a sociálne charakteristiky
Etnická štruktúra Slovenska a jej vývinové charakteristiky. Materinský jazyk a národnostná príslušnosť. Demografické a sociálne charakteristiky etník Slovenska (veková štruktúra, vzdelanostná štruktúra, skupina ekonomicky aktívneho obyvateľstva).
Guardado en:
| Autor principal: | |
|---|---|
| Formato: | Capítulo de libro |
| Lenguaje: | eslovaco |
| Materias: | |
| Etiquetas: |
Sin Etiquetas, Sea el primero en etiquetar este registro!
|
MARC
| LEADER | 00000naa a2200000 4500 | ||
|---|---|---|---|
| 001 | r024602 | ||
| 005 | 20221213114316.4 | ||
| 041 | 0 | |a slo | |
| 044 | |a SK | ||
| 245 | 1 | 0 | |a Etnická štruktúra Slovenska, jej vývoj, demografické a sociálne charakteristiky |c V. Paukovič |
| 520 | |a Etnická štruktúra Slovenska a jej vývinové charakteristiky. Materinský jazyk a národnostná príslušnosť. Demografické a sociálne charakteristiky etník Slovenska (veková štruktúra, vzdelanostná štruktúra, skupina ekonomicky aktívneho obyvateľstva). | ||
| 610 | 2 | 0 | |a štruktúra obyvateľstva |
| 610 | 2 | 0 | |a Slovensko |
| 610 | 2 | 0 | |a národnosti |
| 610 | 2 | 0 | |a demografia |
| 610 | 2 | 0 | |a 1880-1991 |
| 610 | 2 | 0 | |a vzdelanie |
| 610 | 2 | 0 | |a vek |
| 610 | 2 | 0 | |a obyvateľstvo aktívne |
| 100 | 1 | |a Paukovič, Vladimír | |